| 000 | 01223nam a2200229 a 4500 | ||
|---|---|---|---|
| 005 | 20180803165253.0 | ||
| 008 | 140127b2005 ck ||||| |||| 00| 0 spa d | ||
| 040 | _cCO-BoIH | ||
| 041 | _aspa | ||
| 044 | _ack | ||
| 090 |
_aIAVH _b00562 |
||
| 100 |
_aMendoza Cifuentes, Humberto _94236 |
||
| 245 | _aLista de especies para Colombia de las familias Melastomataceae y Memecylaceae | ||
| 260 |
_aBogotá _bInstituto Alexander von Humboldt _bUniversidad del Cauca _c2005 |
||
| 300 | _a24 p. | ||
| 520 | _aPlantas. Herramienta para abordar el inventario nacional en Melastomataceae en Colombia. Incluye de las Melastomataceae: las tribus en Colombia, su diagnóstico, particularidades, recomendaciones para su reconocimiento, claves para géneros y géneros. En lo que se relaciona con el inventario, las analiza como indicadoras de patrones y presenta una propuesta para inventariarlas. De las Memecylaceae presenta el diagnóstico general, sus particularidades, claves para géneros y géneros. Al final presenta un glosario de referencias, tamaños, formas y geográficas | ||
| 650 |
_aPlantas _992294 |
||
| 662 | _aColombia | ||
| 700 |
_aRamirez Padilla, Bernardo _94444 |
||
| 942 |
_2z _cINFORME |
||
| 945 | _d2006-12-05 | ||
| 999 |
_c5413 _d5413 |
||